00685nam a2200253Ia 450000500170000000800460001702000180006303700100008104000080009104000080009904000080010704100080011504100080012308400080013110000090013924500720014826000320022026000090025265000080026185600400026994200100030999900210031995200910034020260306163953.0008 260114s9999 xx 000 0 eng d a9780226587554 aEBOOK aCRL beng cCRL 2eng aeng qCRL aKahn 0aIslands Of Sovereignty: Haitian Migration And The Borders Of Empire bUniversity of Chicago Press c2019 aLaw uhttps://academic.oup.com/book/35933 cEBOOK c1712230d1712230 00104070aCRLbCRLd2026-03-06l0pCL2004751r2026-03-06 16:39:53w2026-03-06yEBOOK